Countries Closest to Cabo Verde A-Z - Statistics

General Stats
  • This quiz has been taken 252 times
  • The average score is 16 of 25
Answer Stats
Letter Country % Correct
A Algeria
87%
G Gambia
82%
M Mauritania
80%
S Senegal
80%
B Burkina Faso
79%
O Oman
79%
Q Qatar
79%
Y Yemen
79%
Z Zambia
79%
L Liberia
75%
N Niger
68%
T Togo
67%
F France
66%
P Portugal
66%
I Italy
55%
R Republic of the Congo
54%
J Jamaica
52%
H Haiti
50%
E Equatorial Guinea
49%
U United Kingdom
49%
V Venezuela
47%
C Côte d'Ivoire
42%
K Kosovo
41%
D Dominica
34%
W Western Sahara
29%
No matching quizzes found
Score Distribution
Percent of People with Each Score
Percentile by Number Answered
Your Score History
You have not taken this quiz